Mixed media and found materials / (Record no. 352946)
[ view plain ]
| 000 -LEADER | |
|---|---|
| fixed length control field | 01651 a2200277 4500 |
| 003 - CONTROL NUMBER IDENTIFIER | |
| control field | OSt |
| 005 - DATE AND TIME OF LATEST TRANSACTION | |
| control field | 20180116192351.0 |
| 008 - FIXED-LENGTH DATA ELEMENTS--GENERAL INFORMATION | |
| fixed length control field | 120606t xxu||||| |||| 00| 0 eng d |
| 020 ## - INTERNATIONAL STANDARD BOOK NUMBER | |
| International Standard Book Number | 1408101033 (paperback) |
| 020 ## - INTERNATIONAL STANDARD BOOK NUMBER | |
| International Standard Book Number | 9781408101032 (paperback) |
| 040 ## - CATALOGING SOURCE | |
| Transcribing agency | 0 |
| 082 04 - DEWEY DECIMAL CLASSIFICATION NUMBER | |
| Classification number | 746 |
| 100 1# - MAIN ENTRY--PERSONAL NAME | |
| Personal name | Renshaw, Lucy. |
| 9 (RLIN) | 3932 |
| 245 10 - TITLE STATEMENT | |
| Title | Mixed media and found materials / |
| Statement of responsibility, etc. | Lucy Renshaw. |
| 260 ## - PUBLICATION, DISTRIBUTION, ETC. | |
| Place of publication, distribution, etc. | London : |
| Name of publisher, distributor, etc. | A&C Black, |
| Date of publication, distribution, etc. | 2010. |
| 300 ## - PHYSICAL DESCRIPTION | |
| Extent | 96 p. : |
| Other physical details | ill; |
| Dimensions | 24 cm. |
| 490 1# - SERIES STATEMENT | |
| Series statement | Textiles handbooks. |
| 520 ## - SUMMARY, ETC. | |
| Summary, etc. | This book is all about experimenting with as many different colours, textures and materials as you can lay your hands on. Projects include combining fabrics, painting, printing, using wood, wallpapers and metals, to create both fashion garments and gorgeous one-off pieces for interiors. Readers will learn how to apply and adapt basic and more advanced techniques to such projects as making a fashion garment or accessory, or recovering chairs or old lampshades. This book will inspire enthusiastic beginners with limited textile skills as well as engaging more experienced makers looking for new inspiration and techniques. The book will also provide useful pointers for sourcing vintage fabrics and recycled materials as well as other reuseable components. |
| 650 10 - SUBJECT ADDED ENTRY--TOPICAL TERM | |
| Topical term or geographic name entry element | Found objects (Art) |
| 9 (RLIN) | 3933 |
| 650 10 - SUBJECT ADDED ENTRY--TOPICAL TERM | |
| Topical term or geographic name entry element | Mixed media textiles |
| 9 (RLIN) | 3934 |
| 650 10 - SUBJECT ADDED ENTRY--TOPICAL TERM | |
| Topical term or geographic name entry element | Textile crafts |
| 9 (RLIN) | 3935 |
| 830 #0 - SERIES ADDED ENTRY--UNIFORM TITLE | |
| Uniform title | Textiles handbooks. |
| 9 (RLIN) | 3936 |
| 856 40 - ELECTRONIC LOCATION AND ACCESS | |
| Materials specified | Amazon.com |
| Uniform Resource Identifier | <a href="http://www.amazon.com/exec/obidos/ASIN/1408101033/chopaconline-20">http://www.amazon.com/exec/obidos/ASIN/1408101033/chopaconline-20</a> |
| 942 ## - ADDED ENTRY ELEMENTS (KOHA) | |
| Institution code [OBSOLETE] | SADA |
| Koha item type | Book |
| Call number prefix | 746 REN 2010 |
| Source of classification or shelving scheme | |
| Withdrawn status | Lost status | Source of classification or shelving scheme | Damaged status | Not for loan | Permanent Location | Current Location | Date acquired | Total Checkouts | Full call number | Barcode | Date last seen | Date last checked out | Copy number | Price effective from | Koha item type | Total Renewals |
|---|---|---|---|---|---|---|---|---|---|---|---|---|---|---|---|---|
| School of Art Design and Architecture (SADA) | School of Art Design and Architecture (SADA) | 05/30/2011 | 1 | 746 REN 2010 | SADA0001130 | 05/28/2015 | 05/27/2015 | 01 | 08/05/2011 | Book | ||||||
| School of Art Design and Architecture (SADA) | School of Art Design and Architecture (SADA) | 05/30/2011 | 2 | 746 REN 2010 | SADA0001131 | 01/07/2016 | 12/16/2015 | 02 | 08/05/2011 | Book | 1 |
